| 000 | 01446nam a22002297a 4500 | ||
|---|---|---|---|
| 005 | 20210325191836.0 | ||
| 008 | s2539 th tha d | ||
| 041 | _atha | ||
| 090 | _aว BQ4570.S7 พ358ป 2539 | ||
| 100 | 0 | _aพระมหาเอื้อม เยาว์ด้วง | |
| 245 | 1 | 0 | _aประสิทธิผลของโครงการพิธีปาฐกถาธรรมเพื่อป้องปรามการซื้อสิทธิขายเสียง : ศึกษากรณีปฏิบัติการเลือกตั้งเทศบาลนครราชสีมา |
| 260 | 3 |
_aม.ป.ท. : _bมหาวิทยาลัยเกริก, _c2539 |
|
| 300 |
_a145 หน้า : _b ภาพประกอบ, แผนภูมิ, ตาราง ; _c 30 ซม. |
||
| 650 | 0 | 4 | _aการซื้อสิทธิขายเสียง -- วิจัย |
| 650 | 0 | 4 | _aพุทธศาสนากับการเมือง -- วิจัย |
| 650 | 0 | 4 | _aเทศบาลนครราชสีมา -- การเลือกตั้ง |
| 650 | 0 | 4 | _aโครงการพิธีปาฐกถาธรรมเพื่อป้องปรามการซื้อสิทธิขายเสียง |
| 850 | _aNALT | ||
| 942 | _cRSH | ||
| 997 |
_c000000000029721 _kVC |
||
| 998 | _aBENJALUCK SUTTHIWILAI | ||
| 999 |
_c29721 _d29721 |
||